Código de procedimiento penal de la provincia de Buenos Aires : Comentado y anotado /
Guardado en:
| Autor Principal: | |
|---|---|
| Otros Autores: | |
| Formato: | Desconocido |
| Idioma: | Spanish |
| Publicado: |
Buenos Aires :
La Ley,
2005
|
| Edición: | 1a. ed. |
| Series: | FEDYE
|
| Materias: | |
| Etiquetas: |
Agregar Etiqueta
Sin Etiquetas, Sea el primero en etiquetar este registro!
|
| LEADER | 00633nac a22001815a 4500 | ||
|---|---|---|---|
| 001 | DER.der001346 | ||
| 008 | 180615s2005####ag#||||||||||||||#||spa|| | ||
| 005 | 20251113150643.0 | ||
| 245 | 1 | 0 | |a Código de procedimiento penal de la provincia de Buenos Aires : |b Comentado y anotado / |c Héctor Manuel Granillo Fernández , Gustavo Adrián Herbel |
| 250 | |a 1a. ed. | ||
| 260 | |a Buenos Aires : |b La Ley, |c 2005 | ||
| 300 | |a 1152 p. | ||
| 440 | 0 | |a FEDYE | |
| 020 | |a 9870307760 | ||
| 100 | 1 | |a Granillo Fernández, Héctor Manuel | |
| 700 | 1 | |a Herbel, Gustavo Adrián | |
| 650 | 7 | |a DERECHO PROCESAL PENAL | |
| 859 | |a DERECHO |b BIB. DERECHO |h 348.027 |i GRA |p 003780 | ||
